Top 10 Most Populous US Cities That Start With B - Statistics

General Stats
  • This quiz has been taken 103 times
  • The average score is 6 of 10
Answer Stats
Population Answer Rank (US) % Correct
693 K Boston 23rd
93%
575 K Baltimore 29th
89%
283 K Buffalo 80th
67%
197 K Birmingham 138th
63%
420 K Bakersfield 46th
55%
226 K Baton Rouge 103rd
50%
244 K Boise 97th
49%
190 K Brownsville 141st
33%
149 K Bridgeport 190th
29%
160 K Bellevue 171st
21%
No matching quizzes found
Score Distribution
Percent of People with Each Score
Percentile by Number Answered
Your Score History
You have not taken this quiz